| 000 | 00647nam 22002053 4500 | ||
|---|---|---|---|
| 001 | 201504 | ||
| 021 | _aPT | ||
| 090 | _a201504 | ||
| 100 | _a20240117d u||y0pory50 ba | ||
| 200 |
_aA decisão da idade _fRuy Duarte de Carvalho _epoemas |
||
| 205 | _a4ª | ||
| 210 |
_aLisboa _cLivraria Sá da Costa _cUnião dos escritores Angolanos _d1977 |
||
| 215 |
_a97 p. _cbrochado _d21 cm |
||
| 300 | _aContém dedicatória na folha de guarda | ||
| 606 |
_923 _aLiteratura Portuguesa _xPoesia |
||
| 675 |
_a821.134.3-1 _vPT _zpor |
||
| 700 |
_95035 _aCarvalho _bRuy Duarte de _f1941-2010 |
||
| 801 |
_aPT _bBMMN _gRPC |
||
| 830 |
_cAna Falardo _fAna Falardo |
||
| 990 | _cLIVROS | ||